Yandere Simulator Characters from 202x Mode (Another 2023 Edition) - Statistics

General Stats
  • This quiz has been taken 84 times
  • The average score is 38 of 101
Answer Stats
Personality Character % Correct
Protagonist Ayano Aishi
100%
1st Rival, Tsundere Osana Najimi
89%
Senpai Taro Yamada
87%
Protagonist Assistant Info-Chan
82%
4th Rival, Occult Club Leader Oka Ruto
82%
2nd Rival, Cooking Club Leader Amai Odayaka
80%
9th Rival, Senpai's Sister Hanako Yamada
78%
"Incubus" Student Inkyu Basu
78%
3rd Rival. Drama Club Leader Kizana Sunobu
78%
7th Rival, Substitute Teacher for Class 3-2 Mida Rana
78%
10th Rival, Leader of the Student Council Megami Saikou
76%
"Succubus" Student Sakyu Basu
76%
Martial Arts Club Member who comes from a very traditional family Mina Rai
73%
6th Rival, Substitute Nurse Muja Kina
73%
5th Rival, Sports Club Leader Asu Rito
71%
Drama Club Member who admires the 3th Rival Kokona Haruka
71%
8th Rival, Leader of the Delinquents Osoro Shidesu
71%
1st Rival's Best Friend & Defender Raibaru Fumetsu
69%
Martial Arts Club Leader Budo Masuta
67%
School Librarian, based on Rei Ayanami Kuu Dere
64%
Cooking Club Member who loves sweats Saki Miyu
62%
Gaming Club Member who's pursuing an 'anime aesthetic' Mai Waifu
58%
Gaming Club Member, based on Churuya Midori Gurin
58%
Gaming Club Member, based on the official mascot of the game osu! Pippi Osu
58%
Leader of the Bullies Musume Ronshaku
56%
Bullies hate Them Horuda Puresu
53%
Gaming Club Leader Gema Taku
49%
Photography Club Member, based on Scooby-Doo Sukubi Dubidu
49%
Gaming Club Member, based on character from Osu! Tatakae! Ouendan Ryuto Ippongo
47%
Photography Club Leader Fureddo Jonzu
44%
Substitute Leader of the Student Council Kuroko Kamenaga
44%
Secretary of the Student Council Akane Toriyasu
42%
Enforcer of the Student Council Aoi Ryugoku
42%
Drama Club Rich Male Member Riku Soma
42%
Substitute Occult Club Leader Shin Higaku
42%
Looking for them destiny in the Clubs Toga Tabara
42%
Loves the 1st Rival Kyuji Konagawa
40%
Occult Club Member with glasses Daku Atsu
38%
Martial Arts Club Member who's obsessed with martial arts films Juku Ren
38%
Occult Club Member with medical eyepatch Supana Churu
38%
Art Club Leader Geiju Tsuka
36%
Science Club Leader Kaga Kusha
36%
Light Music Club Leader, soloist of the Strawberry Thieves Miyuji Shan
36%
Treasurer of the Student Council Shiromi Torayoshi
36%
Photography Club Member, based on Velma Dinkley Beruma Dinkuri
33%
Former Leader of Light Music Club, guitarist of the Strawberry Thieves Gita Yamahato
33%
Member of the Bullies with dark pink & yellow hair Hana Daidaiyama
33%
Member of the Bullies with pink hair Kokoro Momoiro
33%
Occult Club Member with bandages Kokuma Jutsu
33%
Clumsy Student Otohiko Meichi
33%
Gardening Club Leader Uekiya Engeika
33%
Cooking Club Member who loves Japanese culture Ajia Ashitomi
31%
Photography Club Member, based on Daphne Blake Dafuni Bureiku
31%
Member of the Bullies with purple hair Kashiko Murasaki
31%
Martial Arts Club Member, promising disciple of Club Leader Sho Kunin
31%
Guidance Counselor Genka Kunahito
29%
Substitute Sports Club Leader Itachi Zametora
29%
Occult Club Member with bangs Chojo Tekina
27%
Member of the Bullies with green hair Hoshiko Mizudori
27%
Martial Arts Club Member who's wanted to start a wrestling club Shima Shiya
27%
Substitute Leader of the Delinquents Umeji Kizuguchi
27%
Light Music Club Member, bassist of the Strawberry Thieves Beshi Takamine
24%
Science Club Roboticist Meka Nikaru
24%
Photography Club Member, based on Shaggy Rojasu Norubiru
24%
Drama Club Member whose goal is to become famous performer Tokuko Kitagawa
24%
Substitute Drama Club Leader Tsuruzo Yamazaki
24%
Art Club Member with Spiteful Persona Borupen Saishiki
22%
Light Music Club Member, drummer of the Strawberry Thieves Dora Tamamoto
22%
Art Club Member who's obsessed an anime Efude Nurimono
22%
Seamstress Hazu Kashibuchi
22%
Gardening Club Member with golden hair Himari Fujita
22%
Sports Club Member with white hair Iruka Dorufino
22%
Cooking Club Member who loves Western culture Seiyo Akanishi
22%
Gardening Club Member with purple hair Sumire Suzuki
22%
Science Club Chemist Yaku Zaishi
22%
Art Club Member who's obsessed with own beauty Enpitsu Byoga
20%
Sports Club Member with blue hair Hojiro Zameshiro
20%
Science Club "Brilliant" Member Horo Guramu
20%
Substitute Cooking Club Leader Shoku Tsuburaya
20%
Science Club Member who's building robotic replica of them dead twin Homu Kurusu
18%
Cooking Club Member who cares about health Kenko Sukoyaka
18%
Headmaster Kocho Shuyona
18%
Art Club Quirky & Eccentric Member Maka Tansei
18%
Gardening Club Member with pink hair Sakura Hagiwara
18%
Drama Club Member who wants to making own films Shozo Kurosawa
18%
Member of the Delinquents with black t-shirt Hayanari Tsumeato
16%
Member of the Delinquents with purple t-shirt Hokuto Furukizu
16%
Light Music Club Member, keyboardist of the Strawberry Thieves Kiba Kawaito
16%
Member of the Delinquents with blue t-shirt Dairoku Surikizu
13%
Member of the Delinquents with red t-shirt Gaku Hikitsuri
13%
Gardening Club Member with red hair Tsubaki Uesugi
13%
Sports Club Member with black hair Mantaro Sashimasu
11%
Sports Club Member with green hair Unagi Denkashiza
9%
Teacher of Class 3-2 Kaho Kanokogi
7%
Teacher of Class 3-1 Karin Hanabusa
7%
Nurse Nasu Kankoshi
7%
Teacher of Class 1-1 Reina Nabatame
7%
Teacher of Class 2-1 Rino Fukahori
7%
Gym Teacher Kyoshi Tachikawa
4%
Teacher of Class 2-2 Shiori Rikitake
4%
Teacher of Class 1-2 Natsuki Aburaya
2%
No matching quizzes found
Score Distribution
Percent of People with Each Score
Percentile by Number Answered
Your Score History
You have not taken this quiz